Thành ngữ điển tích từ điển

Tallennettuna:
Bibliografiset tiedot
Päätekijä: Diên Hương
Aineistotyyppi: Kirja
Kieli:Undetermined
Julkaistu: Đồng Tháp Nxb. Tổng hợp Đồng Tháp 1992
Aiheet:
Tagit: Lisää tagi
Ei tageja, Lisää ensimmäinen tagi!
Thư viện lưu trữ: Trung tâm Học liệu Trường Đại học Cần Thơ
LEADER 00513nam a2200169Ia 4500
001 CTU_585
008 210402s9999 xx 000 0 und d
082 |a 495.922 
082 |b D305 
100 |a Diên Hương 
245 0 |a Thành ngữ điển tích từ điển 
245 0 |c Diên Hương 
260 |a Đồng Tháp 
260 |b Nxb. Tổng hợp Đồng Tháp 
260 |c 1992 
650 |a vietnamese language - idioms 
980 |a Trung tâm Học liệu Trường Đại học Cần Thơ